Whistleblowing - oznamovanie protispoločenskej činnosti
Pojem whistleblowing - definovanie. Závažná protispoločenská činnosť. Oznamovateľ, ochrana oznamovateľa. O poskytnutí ochrany rozhoduje prokurátor alebo súd. Oznamovanie protispoločenskej činnosti je spojené aj s finančnou motiváciou.
Enregistré dans:
| Auteur principal: | |
|---|---|
| Format: | Chapitre de livre |
| Langue: | slovaque |
| Sujets: | |
| Tags: |
Pas de tags, Soyez le premier à ajouter un tag!
|
MARC
| LEADER | 00000naa a2200000 4500 | ||
|---|---|---|---|
| 001 | 0199539 | ||
| 005 | 20231120134851.5 | ||
| 041 | 0 | |a slo | |
| 044 | |a SK | ||
| 245 | 1 | 0 | |a Whistleblowing - oznamovanie protispoločenskej činnosti |c Martina Kovalčíková |
| 520 | |a Pojem whistleblowing - definovanie. Závažná protispoločenská činnosť. Oznamovateľ, ochrana oznamovateľa. O poskytnutí ochrany rozhoduje prokurátor alebo súd. Oznamovanie protispoločenskej činnosti je spojené aj s finančnou motiváciou. | ||
| 610 | 2 | 0 | |a kriminalita |
| 610 | 2 | 0 | |a činnosť trestná |
| 610 | 2 | 0 | |a pracovisko |
| 610 | 2 | 0 | |a komunikácia |
| 610 | 2 | 0 | |a zákonník práce |
| 100 | 1 | |a Kovalčíková, Martina | |